| 000 | nam a22 7a 4500 | ||
|---|---|---|---|
| 999 |
_c4822 _d4822 |
||
| 003 | AKMAL | ||
| 005 | 20200306085725.0 | ||
| 008 | 200305t2007 tnu| e | 000 0 eng d | ||
| 020 |
_a9781418526153 (pbk.) : _cRM40.00 |
||
| 040 | _aAKMAL | ||
| 082 | 0 | 4 |
_a658.4092 _222 |
| 090 | 2 | 0 |
_a658.4092 _bMAX |
| 100 | 1 |
_aMaxwell, John C., _d1947- _91292 |
|
| 245 | 1 | 4 |
_aThe 21 irrefutable laws of leadership : _bfollow them and people will follow you / _cJohn C. Maxwell |
| 246 | 3 | _aTwenty one irrefutable laws of leadership workbook | |
| 250 | _aRev. and updated 10th anniversary ed. | ||
| 260 |
_aNashville, Tenn. : _bThomas Nelson, _cc2007 |
||
| 300 |
_axxi, 246p. ; _c23cm. |
||
| 504 | _aIncludes bibliographical references (p. 243-246) | ||
| 650 | 1 | 0 |
_aLeadership _9120 |
| 650 | 2 | 0 |
_aIndustrial management _92203 |
| 942 |
_2ddc _cBOOK |
||